Brentford Most Expensive Signings - Statistics

General Stats
  • This quiz has been taken 9 times
  • The average score is 13 of 15
Answer Stats
Fee Team Joined From Position
Answer
% Correct
14.8 Million Liverpool GK Caoimhin Kelleher
100%
33 Million Club Brugge ST Igor Thiago
100%
25 Million Freiburg LW Kevin Schade
100%
15 Million Sampdoria AM Mikkel Damsgaard
100%
26.85 Million Wolves CB Nathan Collins
100%
14.25 Million Bologna RB Aaron Hickey
89%
20 Million Feyenoord AM Antoni Milambo
89%
23.4 Million Liverpool AM Fabio Carvalho
89%
15.7 Million Celtic CB Kristoffer Ajer
89%
13 Million Freiburg GK Mark Flekken
89%
23.6 Million Liverpool CB Sepp Van Den Berg
89%
10 Million Lorient CF Yoane Wissa
89%
17.5 Million Fiorentina RB Michael Kayode
78%
19 Million Hull City LB Keane Lewis-Potter
67%
12 Million Gremio LW Gustavo Nunes
56%
No matching quizzes found
Score Distribution
Percent of People with Each Score
Percentile by Number Answered
Your Score History
You have not taken this quiz